000 00474nam a2200169Ia 4500
999 _c23587
_d23587
008 120527s9999 xx 000 0 und d
020 _a9780323834612
100 _aWAUGH,Anne.
245 _aAnatomy and physiology in health and illness.
250 _a14th, ed.
260 _aEdinburgh, UK
_bElsevier
_c2023
300 _ax; 586p.;
_bill
500 _aincludes: index
650 _aHealth and illness
_vfundamental human biology
700 _aAllison Grant
942 _cBK